00314nam a22001097a 4500082001800000100001600018245007000034260004600104300002400150500001200174526001800186 aT-28cThesis  aAli, Liaqat aDynamic behavior of soils partially grouted by a foaming process  aMichigan,bUniversity of Michigan,c1992. a238p.bill.c28 cm. aThesis  a0b0c0dT_28